[Event "2024 National Middle School Championship"]
[Site "Atlanta, Georgia, United States"]
[Date "2024.05.11"]
[Round "5.1"]
[White "Liu, Eric Chang"]
[Black "Rao, Anjaneya Sripathy"]
[Result "1-0"]
[TimeControl "G/90;d10"]
[WhiteElo "2468"]
[BlackElo "2182"]

1. e4 {[%clk 01:30:00]} {[%emt 00:00:02]} e6 {[%clk 01:30:00]} {[%emt
00:00:06]} 2. d4 {[%clk 01:30:00]} {[%emt 00:00:04]} d5 {[%clk 01:30:00]}
{[%emt 00:00:06]} 3. Nc3 {[%clk 01:30:00]} {[%emt 00:00:06]} Nf6 {[%clk
01:30:00]} {[%emt 00:00:09]} 4. e5 {[%clk 01:30:00]} {[%emt 00:00:05]} Nfd7
{[%clk 01:30:00]} {[%emt 00:00:05]} 5. f4 {[%clk 01:30:00]} {[%emt 00:00:06]}
c5 {[%clk 01:30:00]} {[%emt 00:00:06]} 6. Nf3 {[%clk 01:30:00]} {[%emt
00:00:05]} Nc6 {[%clk 01:30:00]} {[%emt 00:00:10]} 7. Be3 {[%clk 01:30:00]}
{[%emt 00:00:06]} a6 {[%clk 01:30:00]} {[%emt 00:00:08]} 8. Qd2 {[%clk
01:24:22]} {[%emt 00:05:49]} b5 {[%clk 01:29:51]} {[%emt 00:00:18]} 9. a3
{[%clk 01:22:24]} {[%emt 00:02:09]} g6 {[%clk 01:21:03]} {[%emt 00:08:57]} 10.
dxc5 {[%clk 01:15:05]} {[%emt 00:07:30]} Nxc5 {[%clk 01:15:59]} {[%emt
00:05:14]} 11. h4 {[%clk 01:10:34]} {[%emt 00:04:40]} Bb7 {[%clk 01:05:04]}
{[%emt 00:11:05]} 12. Qf2 {[%clk 00:45:51]} {[%emt 00:24:54]} Ne4 {[%clk
00:51:58]} {[%emt 00:13:16]} 13. Nxe4 {[%clk 00:45:51]} {[%emt 00:00:07]} dxe4
{[%clk 00:51:58]} {[%emt 00:00:06]} 14. Ng5 {[%clk 00:30:23]} {[%emt 00:15:38]}
Ne7 {[%clk 00:51:30]} {[%emt 00:00:38]} 15. h5 {[%clk 00:30:11]} {[%emt
00:00:23]} h6 {[%clk 00:50:05]} {[%emt 00:01:34]} 16. hxg6 {[%clk 00:26:26]}
{[%emt 00:03:56]} Nxg6 {[%clk 00:50:05]} {[%emt 00:00:08]} 17. f5 {[%clk
00:15:29]} {[%emt 00:11:07]} exf5 {[%clk 00:47:39]} {[%emt 00:02:35]} 18. Nxf7
{[%clk 00:11:45]} {[%emt 00:03:55]} Qd7 {[%clk 00:46:30]} {[%emt 00:01:19]} 19.
Nxh8 {[%clk 00:11:36]} {[%emt 00:00:19]} Nxh8 {[%clk 00:40:12]} {[%emt
00:06:28]} 20. Bxh6 {[%clk 00:11:36]} {[%emt 00:00:08]} Bxh6 {[%clk 00:26:08]}
{[%emt 00:14:13]} 21. Rxh6 {[%clk 00:11:36]} {[%emt 00:00:04]} O-O-O {[%clk
00:26:08]} {[%emt 00:00:10]} 22. Rd6 {[%clk 00:11:09]} {[%emt 00:00:39]} Qe7
{[%clk 00:22:40]} {[%emt 00:03:37]} 23. Qxf5+ {[%clk 00:10:58]} {[%emt
00:00:21]} Kb8 {[%clk 00:22:40]} {[%emt 00:00:09]} 24. O-O-O {[%clk 00:10:38]}
{[%emt 00:00:31]} Nf7 {[%clk 00:20:55]} {[%emt 00:01:54]} 25. Rd7 {[%clk
00:07:37]} {[%emt 00:03:12]} Rxd7 {[%clk 00:19:20]} {[%emt 00:01:44]} 26. Rxd7
{[%clk 00:07:37]} {[%emt 00:00:04]} Nh6 {[%clk 00:19:13]} {[%emt 00:00:17]} 27.
Rxe7 {[%clk 00:07:11]} {[%emt 00:00:36]} Nxf5 {[%clk 00:19:13]} {[%emt
00:00:07]} 28. Rf7 {[%clk 00:07:11]} {[%emt 00:00:06]} Bc8 {[%clk 00:16:19]}
{[%emt 00:03:03]} 29. Be2 {[%clk 00:06:22]} {[%emt 00:01:01]} e3 {[%clk
00:15:45]} {[%emt 00:00:43]} 30. Rf8 {[%clk 00:06:06]} {[%emt 00:00:26]} 1-0

[Event "2024 National Middle School Championship"]
[Site "Atlanta, Georgia, United States"]
[Date "2024.05.11"]
[Round "5.2"]
[White "Guo, Ethan"]
[Black "Vemparala, Nikash"]
[Result "0-1"]
[TimeControl "G/90;d10"]
[WhiteElo "2291"]
[BlackElo "2171"]

1. e4 {[%clk 01:30:00]} e5 {[%clk 01:29:54]} {[%emt 00:00:17]} 2. Nf3 {[%clk
01:30:00]} {[%emt 00:00:04]} Nc6 {[%clk 01:29:54]} {[%emt 00:00:03]} 3. Bb5
{[%clk 01:30:00]} {[%emt 00:00:06]} Nge7 {[%clk 01:29:54]} {[%emt 00:00:07]} 4.
Nc3 {[%clk 01:29:39]} {[%emt 00:00:31]} Ng6 {[%clk 01:29:00]} {[%emt 00:01:04]}
5. O-O {[%clk 01:27:45]} {[%emt 00:02:04]} Bc5 {[%clk 01:21:29]} {[%emt
00:07:42]} 6. d3 {[%clk 01:27:33]} {[%emt 00:00:21]} O-O {[%clk 01:19:41]}
{[%emt 00:01:57]} 7. Be3 {[%clk 01:27:05]} {[%emt 00:00:37]} Bb6 {[%clk
01:12:35]} {[%emt 00:07:18]} 8. Nd5 {[%clk 01:25:14]} {[%emt 00:02:00]} d6
{[%clk 01:10:23]} {[%emt 00:02:23]} 9. Nxb6 {[%clk 01:24:50]} {[%emt 00:00:34]}
axb6 {[%clk 01:10:23]} 10. h3 {[%clk 01:24:46]} {[%emt 00:00:13]} Nh4 {[%clk
01:04:57]} {[%emt 00:05:36]} 11. Nxh4 {[%clk 01:21:52]} {[%emt 00:03:05]} Qxh4
{[%clk 01:04:55]} {[%emt 00:00:11]} 12. f4 {[%clk 01:17:17]} {[%emt 00:04:46]}
Bxh3 {[%clk 00:58:44]} {[%emt 00:06:21]} 13. Qd2 {[%clk 01:15:20]} {[%emt
00:02:07]} exf4 {[%clk 00:49:56]} {[%emt 00:08:57]} 14. Rxf4 {[%clk 01:14:43]}
{[%emt 00:00:48]} Bg4 {[%clk 00:49:41]} {[%emt 00:00:25]} 15. Raf1 {[%clk
01:10:46]} {[%emt 00:04:06]} Qh5 {[%clk 00:46:23]} {[%emt 00:03:29]} 16. Bc4
{[%clk 01:10:40]} {[%emt 00:00:17]} Ne5 {[%clk 00:43:03]} {[%emt 00:03:30]} 17.
Bb3 {[%clk 01:10:24]} {[%emt 00:00:25]} Be6 {[%clk 00:42:15]} {[%emt 00:00:59]}
18. Bxe6 {[%clk 01:09:36]} {[%emt 00:00:57]} fxe6 {[%clk 00:42:15]} {[%emt
00:00:02]} 19. Rxf8+ {[%clk 01:07:13]} {[%emt 00:02:31]} Rxf8 {[%clk 00:42:15]}
{[%emt 00:00:11]} 20. Rxf8+ {[%clk 01:07:13]} {[%emt 00:00:05]} Kxf8 {[%clk
00:42:15]} {[%emt 00:00:03]} 21. Bf4 {[%clk 01:06:27]} {[%emt 00:00:56]} Ng6
{[%clk 00:41:00]} {[%emt 00:01:24]} 22. Bg3 {[%clk 01:05:52]} {[%emt 00:00:45]}
Qg4 {[%emt 00:02:23]} 23. Qf2+ {[%clk 01:04:21]} Kg8 {[%clk 00:40:16]} {[%emt
00:00:22]} 24. Kh2 {[%clk 01:02:55]} {[%emt 00:01:36]} h5 {[%clk 00:40:06]}
{[%emt 00:00:19]} 25. Qf3 {[%clk 01:02:55]} {[%emt 00:00:09]} Qg5 {[%clk
00:39:20]} {[%emt 00:00:56]} 26. b3 {[%clk 01:02:09]} {[%emt 00:00:57]} h4
{[%clk 00:37:58]} {[%emt 00:01:31]} 27. Bf2 {[%clk 01:02:09]} {[%emt 00:00:08]}
Ne5 {[%clk 00:37:28]} {[%emt 00:00:41]} 28. Qe2 {[%clk 01:01:13]} {[%emt
00:01:06]} Qf4+ {[%clk 00:36:27]} {[%emt 00:01:11]} 29. Kh3 {[%clk 00:59:42]}
{[%emt 00:01:41]} g5 {[%clk 00:35:50]} {[%emt 00:00:47]} 30. d4 {[%clk
00:59:26]} {[%emt 00:00:26]} g4+ {[%clk 00:35:32]} {[%emt 00:00:28]} 31. Kxh4
{[%clk 00:59:25]} {[%emt 00:00:10]} g3+ {[%clk 00:34:46]} {[%emt 00:00:56]} 0-1

[Event "2024 National Middle School Championship"]
[Site "Atlanta, Georgia, United States"]
[Date "2024.05.11"]
[Round "5.3"]
[White "Moorhouse, Will"]
[Black "Wang, Isaac"]
[Result "1/2-1/2"]
[TimeControl "G/90;d10"]
[WhiteElo "2162"]
[BlackElo "2326"]

1. e4 {[%clk 01:30:00]} {[%emt 00:00:05]} c5 {[%clk 01:30:00]} {[%emt
00:00:05]} 2. Nf3 {[%clk 01:30:00]} {[%emt 00:00:03]} e6 {[%clk 01:30:00]}
{[%emt 00:00:05]} 3. b3 {[%clk 01:30:00]} {[%emt 00:00:07]} b6 {[%clk
01:28:21]} {[%emt 00:01:50]} 4. c4 {[%clk 01:29:31]} {[%emt 00:00:39]} Bb7
{[%clk 01:28:17]} {[%emt 00:00:14]} 5. Nc3 {[%clk 01:29:31]} {[%emt 00:00:09]}
d6 {[%clk 01:27:59]} {[%emt 00:00:28]} 6. g3 {[%clk 01:27:00]} {[%emt
00:02:40]} Nf6 {[%clk 01:27:26]} {[%emt 00:00:43]} 7. Bg2 {[%clk 01:18:48]}
{[%emt 00:08:22]} Nxe4 {[%clk 01:18:04]} {[%emt 00:09:32]} 8. Nxe4 {[%clk
01:18:27]} {[%emt 00:00:31]} Bxe4 {[%clk 01:18:04]} {[%emt 00:00:05]} 9. Bb2
{[%clk 01:15:47]} {[%emt 00:02:50]} Nd7 {[%clk 01:15:50]} {[%emt 00:02:24]} 10.
Qe2 {[%clk 01:10:57]} {[%emt 00:05:00]} Bb7 {[%clk 01:10:03]} {[%emt 00:05:57]}
11. O-O {[%clk 01:09:17]} {[%emt 00:01:50]} Nf6 {[%clk 01:07:02]} {[%emt
00:03:11]} 12. d4 {[%clk 01:05:30]} {[%emt 00:03:58]} cxd4 {[%clk 01:02:38]}
{[%emt 00:04:34]} 13. Nxd4 {[%clk 01:02:20]} {[%emt 00:03:19]} Bxg2 {[%clk
01:02:24]} {[%emt 00:00:24]} 14. Kxg2 {[%clk 01:02:18]} {[%emt 00:00:12]} Be7
{[%clk 01:01:12]} {[%emt 00:01:21]} 15. Qf3 {[%clk 00:58:39]} {[%emt 00:03:50]}
O-O {[%clk 00:59:47]} {[%emt 00:01:34]} 16. Rad1 {[%clk 00:53:50]} {[%emt
00:05:00]} Qd7 {[%clk 00:49:54]} {[%emt 00:10:03]} 17. Nc6 {[%clk 00:51:11]}
{[%emt 00:02:50]} Rac8 {[%clk 00:46:55]} {[%emt 00:03:09]} 18. Nxe7+ {[%clk
00:50:47]} {[%emt 00:00:34]} Qxe7 {[%clk 00:46:55]} {[%emt 00:00:01]} 19. Bxf6
{[%clk 00:47:58]} {[%emt 00:02:59]} gxf6 {[%clk 00:46:55]} {[%emt 00:00:02]} 20.
Rfe1 {[%clk 00:45:10]} {[%emt 00:02:58]} Rc5 {[%clk 00:45:16]} {[%emt
00:01:50]} 21. Re4 {[%clk 00:38:46]} {[%emt 00:06:34]} f5 {[%clk 00:37:45]}
{[%emt 00:07:41]} 22. Rh4 {[%clk 00:28:09]} {[%emt 00:10:46]} Rd8 {[%clk
00:33:59]} {[%emt 00:03:57]} 23. Rdd4 {[%clk 00:24:08]} {[%emt 00:04:10]} Re5
{[%clk 00:30:30]} {[%emt 00:03:40]} 24. Rh6 {[%clk 00:20:36]} {[%emt 00:03:41]}
f6 {[%clk 00:09:22]} {[%emt 00:21:19]} 25. Rdh4 {[%clk 00:19:04]} {[%emt
00:01:41]} Re4 {[%clk 00:06:13]} {[%emt 00:03:20]} 26. Rxe4 {[%clk 00:17:44]}
{[%emt 00:01:30]} fxe4 {[%clk 00:06:13]} 27. Qxf6 {[%clk 00:12:08]} {[%emt
00:05:46]} Qxf6 {[%clk 00:06:12]} {[%emt 00:00:11]} 28. Rxf6 {[%clk 00:12:08]}
Re8 {[%clk 00:06:06]} {[%emt 00:00:16]} 29. Kf1 {[%clk 00:11:52]} {[%emt
00:00:27]} Kg7 {[%clk 00:05:54]} {[%emt 00:00:22]} 30. Rf4 {[%clk 00:11:52]}
{[%emt 00:00:07]} d5 {[%clk 00:05:54]} {[%emt 00:00:01]} 31. Ke2 {[%clk
00:10:01]} {[%emt 00:02:01]} Rc8 {[%clk 00:05:30]} {[%emt 00:00:34]} 32. Ke3
{[%clk 00:09:43]} {[%emt 00:00:27]} dxc4 {[%clk 00:05:17]} {[%emt 00:00:23]} 33.
bxc4 {[%clk 00:09:43]} {[%emt 00:00:05]} Rxc4 {[%clk 00:05:17]} {[%emt
00:00:05]} 34. Rxe4 {[%clk 00:09:43]} {[%emt 00:00:06]} Rc3+ {[%clk 00:05:17]}
{[%emt 00:00:06]} 35. Kd2 {[%clk 00:06:39]} {[%emt 00:03:13]} Ra3 {[%clk
00:04:56]} {[%emt 00:00:32]} 36. Rxe6 {[%clk 00:06:39]} {[%emt 00:00:07]} Rxa2+
{[%clk 00:04:56]} {[%emt 00:00:04]} 37. Ke3 {[%clk 00:06:39]} {[%emt 00:00:02]}
b5 {[%clk 00:04:56]} {[%emt 00:00:09]} 38. Re7+ {[%clk 00:06:39]} {[%emt
00:00:09]} Kg6 {[%clk 00:04:51]} {[%emt 00:00:15]} 39. Rb7 {[%clk 00:06:22]}
{[%emt 00:00:27]} a6 {[%clk 00:04:51]} {[%emt 00:00:01]} 40. h4 {[%clk
00:05:11]} {[%emt 00:01:21]} Ra4 {[%clk 00:04:47]} {[%emt 00:00:15]} 41. f3
{[%clk 00:04:31]} {[%emt 00:00:50]} h5 {[%clk 00:04:39]} {[%emt 00:00:17]} 42.
g4 {[%clk 00:03:44]} {[%emt 00:00:57]} hxg4 {[%clk 00:04:39]} {[%emt 00:00:08]}
43. fxg4 {[%clk 00:03:44]} Rxg4 {[%clk 00:04:39]} {[%emt 00:00:05]} 44. Rb6+
{[%clk 00:03:44]} {[%emt 00:00:04]} Kf5 {[%clk 00:04:39]} {[%emt 00:00:06]} 45.
Rxa6 {[%clk 00:03:44]} {[%emt 00:00:02]} Rxh4 {[%clk 00:04:33]} {[%emt
00:00:15]} 46. Ra5 {[%clk 00:03:36]} {[%emt 00:00:18]} Rb4 {[%clk 00:04:26]}
{[%emt 00:00:18]} 47. Kd3 {[%clk 00:03:34]} {[%emt 00:00:12]} Ke5 {[%clk
00:04:26]} {[%emt 00:00:02]} 48. Kc3 {[%clk 00:03:34]} {[%emt 00:00:01]} Rc4+
{[%clk 00:04:26]} {[%emt 00:00:05]} 49. Kb3 {[%clk 00:03:34]} {[%emt 00:00:01]}
Rc5 {[%clk 00:04:26]} {[%emt 00:00:03]} 50. Kb4 {[%clk 00:03:34]} Kd4 {[%clk
00:04:26]} 51. Rxb5 {[%clk 00:03:34]} {[%emt 00:00:04]} Rc1 {[%clk 00:04:26]}
{[%emt 00:00:01]} 52. Rh5 {[%clk 00:03:25]} {[%emt 00:00:19]} Rb1+ {[%clk
00:04:26]} {[%emt 00:00:02]} 53. Ka3 {[%clk 00:03:25]} {[%emt 00:00:02]} Ra1+
{[%clk 00:04:26]} {[%emt 00:00:04]} 54. Kb2 {[%clk 00:03:25]} {[%emt 00:00:02]}
1/2-1/2

[Event "2024 National Middle School Championship"]
[Site "Atlanta, Georgia, United States"]
[Date "2024.05.11"]
[Round "5.4"]
[White "Lee, Rohan"]
[Black "Harish, Neeraj"]
[Result "1/2-1/2"]
[TimeControl "G/90;d10"]
[WhiteElo "2123"]
[BlackElo "2294"]

1. e4 {[%clk 01:30:00]} {[%emt 00:00:10]} c5 {[%clk 01:30:00]} {[%emt
00:00:06]} 2. Nf3 {[%clk 01:30:00]} {[%emt 00:00:06]} Nc6 {[%clk 01:30:00]}
{[%emt 00:00:10]} 3. d4 {[%emt 00:00:11]} cxd4 {[%clk 01:30:00]} {[%emt
00:00:03]} 4. Nxd4 {[%clk 01:30:00]} {[%emt 00:00:06]} e5 {[%clk 01:30:00]}
{[%emt 00:00:08]} 5. Nb5 {[%clk 01:30:00]} {[%emt 00:00:06]} d6 {[%clk
01:29:59]} {[%emt 00:00:12]} 6. a4 {[%clk 01:29:34]} {[%emt 00:00:36]} a6
{[%clk 01:28:01]} {[%emt 00:02:08]} 7. N5c3 {[%clk 01:28:35]} {[%emt 00:01:09]}
Nf6 {[%clk 01:27:22]} {[%emt 00:00:49]} 8. Na3 {[%clk 01:28:32]} {[%emt
00:00:14]} Bg4 {[%clk 01:27:21]} {[%emt 00:00:11]} 9. f3 {[%clk 01:28:32]}
{[%emt 00:00:05]} Be6 {[%clk 01:27:21]} {[%emt 00:00:04]} 10. Bc4 {[%clk
01:28:31]} {[%emt 00:00:11]} Be7 {[%clk 01:25:34]} {[%emt 00:01:58]} 11. O-O
{[%clk 01:07:46]} {[%emt 00:20:55]} O-O {[%clk 01:23:39]} {[%emt 00:02:04]} 12.
Nd5 {[%clk 01:05:19]} {[%emt 00:02:37]} Bxd5 {[%clk 01:20:39]} {[%emt
00:03:11]} 13. Bxd5 {[%clk 01:05:19]} {[%emt 00:00:09]} Nb4 {[%clk 01:20:26]}
{[%emt 00:00:24]} 14. Bb3 {[%clk 01:02:37]} {[%emt 00:02:51]} d5 {[%clk
01:11:56]} {[%emt 00:08:39]} 15. exd5 {[%clk 00:55:36]} {[%emt 00:07:12]} Nbxd5
{[%clk 01:11:54]} {[%emt 00:00:12]} 16. Nc4 {[%clk 00:54:11]} {[%emt 00:01:34]}
Qc7 {[%clk 01:09:44]} {[%emt 00:02:20]} 17. Re1 {[%clk 00:50:59]} {[%emt
00:03:22]} Bc5+ {[%clk 01:05:45]} {[%emt 00:04:10]} 18. Kh1 {[%clk 00:50:43]}
{[%emt 00:00:25]} Rad8 {[%clk 01:04:15]} {[%emt 00:01:42]} 19. Qe2 {[%emt
00:03:12]} Nf4 {[%clk 00:53:06]} {[%emt 00:11:16]} 20. Qf1 {[%clk 00:44:10]}
{[%emt 00:03:43]} Ng6 {[%clk 00:45:26]} {[%emt 00:07:50]} 21. Bg5 {[%clk
00:43:37]} {[%emt 00:00:43]} Be7 {[%clk 00:44:53]} {[%emt 00:00:43]} 22. Qe2
{[%clk 00:38:32]} {[%emt 00:05:14]} h6 {[%clk 00:43:06]} {[%emt 00:01:58]} 23.
Nxe5 {[%clk 00:34:27]} {[%emt 00:04:14]} Nxe5 {[%clk 00:40:51]} {[%emt
00:02:25]} 24. Bf4 {[%clk 00:32:05]} {[%emt 00:02:31]} Nfd7 {[%clk 00:38:39]}
{[%emt 00:02:24]} 25. Bxe5 {[%clk 00:31:53]} {[%emt 00:00:20]} Nxe5 {[%clk
00:38:39]} {[%emt 00:00:06]} 26. Qxe5 {[%clk 00:31:53]} {[%emt 00:00:06]} Qxe5
{[%clk 00:38:39]} {[%emt 00:00:04]} 27. Rxe5 {[%clk 00:31:53]} {[%emt
00:00:09]} Bf6 {[%clk 00:38:39]} {[%emt 00:00:02]} 28. Rd5 {[%clk 00:31:04]}
{[%emt 00:01:00]} Bxb2 {[%clk 00:37:01]} {[%emt 00:01:48]} 29. Rad1 {[%clk
00:30:20]} {[%emt 00:00:54]} Rxd5 {[%clk 00:36:07]} {[%emt 00:01:04]} 30. Rxd5
{[%clk 00:30:14]} {[%emt 00:00:16]} Re8 {[%clk 00:35:27]} {[%emt 00:00:50]} 31.
Kg1 {[%clk 00:29:59]} {[%emt 00:00:24]} Re7 {[%clk 00:35:10]} {[%emt 00:00:26]}
32. Kf2 {[%emt 00:00:54]} 1/2-1/2